000 00711nam a22002172 4500
001 0000023651
005 20151217145942.0
008 130313s xx 000 0 eng d
020 _a8132105220 :
040 _aKABU
_cKABU
100 1 _aSarin, Sharad.
_@0000183245
245 1 0 _aStrategic brand management for B2B markets :
_ba road map for organizational transformation /
_cSharad Sarin.
250 _a1st ed.
260 _aLos Angeles :
_bResponse,
_c2010.
300 _axix, 262 p.
650 0 _aBranding (Marketing)
_@0000181751
650 0 _aBrand name products
_xManagement.
_@0000167906
852 1 _9p3118.40 KES
908 _a130313
950 _@1
999 _c4403
_d4403